Think Fast! #3 - Statistics

General Stats
  • This quiz has been taken 479 times
  • The average score is 4 of 10
Answer Stats
Question Answer % Correct
What sport contains a ball that you kick into a goal? Soccer
97%
What language is commonly spoken in Mexico? Spanish
92%
What is the tallest mountain? Mount Everest
87%
How many letters are in the alphabet? 26
37%
What is the largest city in the U.S? New York City
33%
What is the most abundant element? Hydrogen
30%
What is the largest planet? Jupiter
19%
What is this symbol called: % Percent
9%
What galaxy do we live in? The Milky Way
9%
What is the most valuable restaurant? McDonald's
1%
No matching quizzes found
Score Distribution
Percent of People with Each Score
Percentile by Number Answered
Your Score History
You have not taken this quiz